| 000 | 01135nas a2200349 4500 | ||
|---|---|---|---|
| 001 | BR2013006494 | ||
| 003 | BR-BrBNA | ||
| 005 | 20231205122818.0 | ||
| 007 | ta | ||
| 008 | 230509b bl.|||p| |||| 00| 00por d | ||
| 040 |
_aBR-BrBNA _bpor _cBiblioteca Nacional de Agricultura |
||
| 041 | _a(Pt) | ||
| 072 | _aQ04; Q70; M12 | ||
| 100 | 1 | _aOmena, C.M.B. de | |
| 100 | 1 | _aMenezes, M.E. da S. | |
| 100 | 1 | _aCarvalho, C.M. da | |
| 100 | 1 | _aSilva, J.M. da | |
| 100 | 1 | _aOliveira, B.F. de | |
| 100 | 1 | _aMiranda, E.C. de | |
| 100 | 1 | _aPinheiro, D.M. | |
| 100 | 1 | _aAlencar, S.M. de | |
| 100 | 1 | _aSant'Ana, A.E.G. | |
| 245 | 1 | _aReflexos da utilização de farelo de coco sobre o valor nutricional do filé de tilápia-do-nilo (Oreochromis niloticus Linnaeus, 1857) | |
| 650 | _aRESÍDUO | ||
| 650 | _aPEIXE | ||
| 650 | _aÁCIDO GRAXO | ||
| 650 | _aCOLESTEROL | ||
| 773 | 0 |
_tCiência e Tecnologia de Alimentos (Brazil) _xISSN 1678-457X _g(Jul-Sep 2010), v. 30(3) p. 674-679 _wBR2013006494 |
|
| 856 | 4 | 0 | _uhttp://www.scielo.br/pdf/cta/v30n3/v30n3a17.pdf |
| 909 |
_a202311 _bLúcia _c55 _dLúcia Elande |
||
| 942 |
_2AGRIS _n0 _cANA |
||
| 999 |
_c230701 _d230701 |
||